| 000 | 01105nam a2200301 i 4500 | ||
|---|---|---|---|
| 001 | bg | ||
| 100 | 1 | _aDOBRODZIEJ, Elżbieta | |
| 245 | 1 | 0 |
_aZatrudnianie osób na podstawie umów cywilnoprawnych / _cElżbieta Dobrodziej. |
| 250 | _a(Stan prawny na dzień 1 maja 1995 r.). | ||
| 260 |
_aBydgoszcz : _bTNOiK [Towarzystwo Naukowe Organizacji i Kierownictwa] : _bOficyna Wydawnicza Ośrodka Postępu Organizacyjnego, _c1995. |
||
| 300 |
_a139 s. ; _c21 cm. |
||
| 490 | 1 |
_aBiblioteka Menedżera i Służby Pracowniczej ; _vz. 108 |
|
| 504 | _aWykaz ważniejszych aktów prawnych s. 77-78. | ||
| 650 | 9 |
_aPrawo cywilne _xzagadnienia _zPolska |
|
| 650 | 9 |
_aUmowa agencyjna _zPolska |
|
| 650 | 9 |
_aUmowa o dzieło _zPolska |
|
| 650 | 9 |
_aUmowa zlecenia _zPolska |
|
| 650 | 9 |
_aZatrudnienie _xzagadnienia _zPolska |
|
| 655 | _aPoradniki | ||
| 830 | _aBiblioteka Menedżera i Służby Pracowniczej ; | ||
| 020 | _a8385731849 (OPO) | ||
| 040 | _cBPK | ||
| 041 | 0 | _apl | |
| 080 | _a347.4:349.22:331.5](438) | ||
| 920 | _a83-85731-84-9 (OPO) | ||
| 942 | _cKS | ||
| 008 | s pl f |000 0 pol | ||
| 999 |
_c31282 _d31282 |
||
| 856 |
_uhttp://koha.tu.koszalin.pl/cgi-bin/koha/opac-detail.pl?biblionumber=31282 _yKatalog online BPK |
||